Statistiques concernant Les 5 communes les plus peuplées des départements de l'Île de France

Cliquez ici pour prendre le quiz!

Statistiques générales

  • Ce quiz a été pris 388 fois
    (34 depuis la dernière actualisation)
  • Le résultat moyen est 22 sur 36

Statistiques - réponses

Réponse% Correct
Paris
100%
Saint-Denis
91%
Aubervilliers
88%
Versailles
88%
Boulogne-Billancourt
85%
Évry-Courcouronnes
85%
Nanterre
85%
Créteil
82%
Argenteuil
79%
Cergy
76%
Meaux
76%
Montreuil
74%
Ivry-sur-Seine
71%
Aulnay-sous-Bois
68%
Melun
68%
Sarcelles
68%
Vitry-sur-Seine
68%
Asnières-sur-Seine
65%
Colombes
65%
Mantes-la-Jolie
62%
Massy
56%
Saint-Maur-des-Fossés
56%
Corbeil-Essonnes
53%
Saint-Germain-en-Laye
53%
Poissy
50%
Courbevoie
47%
Drancy
44%
Champigny-sur-Marne
41%
Garges-lès-Gonesse
41%
Chelles
38%
Sartrouville
32%
Pontault-Combault
26%
Savigny-le-Temple
24%
Savigny-sur-Orge
24%
Franconville
21%
Athis-Mons
9%

Distribution des résultats

Percentile par nombre de réponses

% des personnes avec chaque résultat

Votre développement - résultats

Vous n’avez pas pris ce quiz depuis la dernière actualisation